Στήβεν ο ήρωας
Αποθηκεύτηκε σε:
| Κύριος συγγραφέας: | |
|---|---|
| Άλλοι συγγραφείς: | |
| Μορφή: | Βιβλίο |
| Γλώσσα: | Greek English |
| Δημοσίευση: |
Αθήνα :
Αλεξάνδρεια,
1995.
|
| Σειρά: | Κύκλος ξένης πεζογραφίας
|
| Θέματα: | |
| Ετικέτες: |
Προσθήκη ετικέτας
Δεν υπάρχουν, Καταχωρήστε ετικέτα πρώτοι!
|
MARC
| LEADER | 00000cam a2200000 i 4500 | ||
|---|---|---|---|
| 001 | 1/68157 | ||
| 008 | 041209s1995 gr | ||| |||| ||gre|| | ||
| 020 | |a 9602211059 | ||
| 035 | |l 10075720 | ||
| 040 | |a GR-MyUa |b gre |e AACR2 | ||
| 041 | 1 | |a gre |h eng | |
| 082 | 7 | |a 823.912 |2 (21) | |
| 100 | 1 | |a Joyce, James, |d 1882-1941. | |
| 245 | 1 | 0 | |a Στήβεν ο ήρωας / |c Τζέημς Τζόυς ; προλεγόμενα: Th. Spencer - J.J. Slocum - H. Cahoon ; μετάφραση: Mιχάλης Κοκολάκης. |
| 260 | |a Αθήνα : |b Αλεξάνδρεια, |c 1995. | ||
| 300 | |a 318 σ. ; |c 20 εκ. | ||
| 490 | 1 | |a (Κύκλος ξένης πεζογραφίας) | |
| 500 | |a Τίτλος πρωτοτύπου: Stephen Hero, 1904-1906. | ||
| 650 | 0 | |a Young men |z Ireland |z Dublin |x Fiction. | |
| 650 | 0 | |a Artists |z Ireland |z Dublin |x Fiction. | |
| 650 | 0 | |a Autobiographical fiction. | |
| 700 | 1 | |a Κοκολάκης, Μιχάλης, |d 1921- |e trl | |
| 830 | 0 | |a Κύκλος ξένης πεζογραφίας | |
| 852 | |a INST |b RHODES |e 20041209 |h 823.912 JOY |p 005400018060 |q 005400018060 |t BK |y 0 | ||
| 901 | |a BIBL4-2005-1 | ||
| 922 | |a 4ΕΛΗ |b 200412 |c ΒΙΒΛΙΟΘΗΚΗ |d ΔΕΝΤΡΟ | ||
| 950 | |a 094 | ||
| 970 | |a Χοροζίδου |b Τζένη |z 2005/01/20 | ||